000 00757nam a2200241Ia 4500
003 GCL
008 140319s9999 xx 000 0 ara d
040 _aGCL /
_cGCL
082 0 4 _a370
_bم أ
100 1 _aمحمد مطر العاصى
245 1 0 _aمسيرة التعليم فى دولة الامارات العربية المتحده /
_cمحمد مطر العاصى
260 _a[S.N] :
_bلا يوجد ،
_c1993
300 _a320 ص
490 _a
650 0 4 _aالتعليم
650 0 4 _aالتخطيط التربوى
650 0 4 _aاساسيات التعليم
650 0 4 _aالتدريس
650 0 4 _aالامارات العربية المتحدة
650 0 4 _aتقارير
650 0 4 _aالاحصائيات
942 _2ddc
_cBK
999 _c36060
_d36060